Normal view
MARC view
- الاردن - تاريخ - عبدالله الثاني بن الحسين، ملك الأردن، 1999- الاصلاح الشامل
Entry Topical Term
001 - CONTROL NUMBER
- control field: 51870
003 - CONTROL NUMBER IDENTIFIER
- control field: JO-AjAnu
005 - DATE AND TIME OF LATEST TRANSACTION
- control field: 20230606082530.0
008 - FIXED-LENGTH DATA ELEMENTS
- fixed length control field: 230606|| aca||aabn | a|a d
040 ## - CATALOGING SOURCE
- Original cataloging agency: JO-AjAnu
- Transcribing agency: JO-AjAnu
150 ## - HEADING--TOPICAL TERM
- Topical term or geographic name entry element: الاردن - تاريخ - عبدالله الثاني بن الحسين، ملك الأردن، 1999- الاصلاح الشامل
670 ## - SOURCE DATA FOUND
- Source citation: Work cat.: (JO-AjAnu)26511: عبدالله الثاني بن الحسين، ملك الأردن، 1999, author 51869, الرؤية الملكية لمسيرة الإصلاح في الأردن: سلسلة أوراق نشرها جلالة الملك عبدالله الثاني بن الحسين لعرض رؤيته لمسيرة الإصلاح الشامل في الأردن في مختلف المجالات